| 000 | 00891nam a2200277 a 4500 | ||
|---|---|---|---|
| 001 | 1591813 | ||
| 003 | OSt | ||
| 005 | 20140310182114.0 | ||
| 008 | 931213m19939999enka 001 0 eng | ||
| 010 | _a 93242644 | ||
| 020 | _a9780340579183 | ||
| 040 |
_aDLC _cDLC |
||
| 050 | 0 | 0 |
_aTK 7816 _b.C999 1993 |
| 082 | 0 | 0 |
_aHS 621.381 _bR545 1993 |
| 100 | 1 |
_aRobertson, Christopher R. _913611 |
|
| 245 | 1 | 0 |
_aElectrical and electronic principles / _cChristopher R. Robertson. |
| 260 |
_aLondon : _bE. Arnold, _c1993- |
||
| 300 |
_a227 p. : _bill. ; _c25 cm. |
||
| 650 | 0 |
_aElectronics. _913597 |
|
| 650 | 0 |
_aElectric circuits. _913612 |
|
| 740 | 0 | _aElectrical & electronic principles. | |
| 906 |
_a7 _bcbc _corignew _d2 _encip _f19 _gy-gencatlg |
||
| 942 | _2lcc | ||
| 999 |
_c9432 _d9432 |
||